000 00781nam a2200289 a 4500
003 AR-BaBNM
005 20251128205514.0
008 082120s2002 ||||||||||||||000 | spa||
020 _a950-786-043-6
040 _cAR-BaBNM
100 1 _aBagnoli, Omar H.
245 0 0 _aLa Revolución Industrial
_bIdeas y debates 1960-1990
250 _a2ª ed.
260 _aBuenos Aires
_bBiblos
_c1993
300 _a132 p.
504 _aBibliografía para consultar p. 119-132
650 4 _aHISTORIA SOCIAL
650 4 _aCAMBIO TECNOLOGICO
650 4 _aDESARROLLO INDUSTRIAL
650 4 _aHISTORIA ECONOMICA
650 4 _aHISTORIOGRAFIA
651 4 _aReino Unido
653 0 _aREVOLUCION INDUSTRIAL
700 1 _aRodríguez, Fernando D.
942 _cBK
998 _cmariana
999 _c11672
_d11672